000 00775nam a2200277Ia 4500
001 Z_3140
003 CHAP
008 220113s1966 xx 000 0 und d
010 _a166249
040 _cCHAP
082 _a636.085 F47y
100 _aFerrando, R
_940362
245 _aDeterminación microscópica de los componentes de los piensos /
_cpor R. Ferrando y N. Henry
260 _aZaragoza :
_bAcribia,
_c1966
300 _a124 p. ; ilus.
440 _a
500 _atrad. De : Determination microscopique des composants des aliments du bétail
503 _a
650 _aAlimentos y alimentación del ganado
_xAnálisis I. Henry, N
_9140310
901 _a636.085 F47y
902 _aA
910 _a1966
942 _c1
942 _cc1
999 _c166249
_d166249